• 首页
  • 本馆介绍
  • 公告通知
  • 最新文献
  • 馆藏检索
  • 电子资源
  • 读者导购
  • 参考咨询
  • 我的图书馆
  • 登录
  • 详细信息显示
  • 放入我的书架
  • 预约/预借图书
  • 作者相关作品
  • 分类相关作品
  • 丛书相关作品
  • 出版社相关作品

书目信息

  • 表格格式
  • 工作单格式
  • 卡片格式
题名:
行家这样买宝石
    
 
作者: 汤惠民 著
分册:  
出版信息: 南昌   江西科学技术出版社  2013
页数: 392页
开本: 29cm
丛书名:
单 册:
中图分类: F768.7
科图分类:
主题词: 宝石--选购--基本知识 , 宝石--投资--基本知识
电子资源:
ISBN: 978-7-5390-4818-5
000 00911nam0 2200265 450
001 339274
005 20150608091053.57
010    @a978-7-5390-4818-5@dCNY128.00
100    @a20140108d2013 em y0chiy50 ea
101 0  @achi
102    @aCN@b360000
105    @aa z 000yy
106    @ar
200 1  @a行家这样买宝石@Ahang jia zhe yang mai bao shi@e宝石购买投资指南@f汤惠民著
205    @a第2版
210    @a南昌@c江西科学技术出版社@d2013
215    @a392页@c图@d29cm
300    @a紫图书库 6455 名牌志 53
330    @a本书详述100余种宝石的鉴别、真实价值与市场价格, 介绍了6种商业上常见且重要的宝石、15种流行的宝石、十几种不可不知的宝石, 教你在购买宝石时要注意的事项, 让你花最少的钱买到最满意的宝石。
606 0  @a宝石@x选购@x基本知识
606 0  @a宝石@x投资@x基本知识
690    @aF768.7@v5
701  0 @a汤惠民@Atang hui min@4著
801  0 @aCN@b卓展宏图@c20150525
905    @dF768.7@e42=2@f2
    
    行家这样买宝石:宝石购买投资指南/汤惠民著.-第2版.-南昌:江西科学技术出版社,2013
    392页:图;29cm
    紫图书库 6455 名牌志 53
    
    ISBN 978-7-5390-4818-5:CNY128.00
    本书详述100余种宝石的鉴别、真实价值与市场价格, 介绍了6种商业上常见且重要的宝石、15种流行的宝石、十几种不可不知的宝石, 教你在购买宝石时要注意的事项, 让你花最少的钱买到最满意的宝石。
●
相关链接 在E读中查询图书 在五车中查询图书 在当当中查询图书 在豆瓣中查询图书


正题名:行家这样买宝石     索取号:F768.7/42=2         预约/预借

序号 登录号 条形码 馆藏地/架位号 状态 备注
1 864338   208643388   第一样本阅览室/ [索取号:F768.7/42=2] 在馆    
2 864339   208643397   第一借阅区/ [索取号:F768.7/42=2] 在馆    
欢迎您!
大连网信软件有限公司© 版权所有